ARRUPE JESUIT UNIVERSITY

CORONAVIRUS -STOP THE SPREAD - CLEAN,DISINFECT,COVER

The Zambesi journal of James Stewart 1862-1863 / (Record no. 99621)

MARC details
000 -LEADER
fixed length control field 00475nam a2200193Ia 4500
003 - CONTROL NUMBER IDENTIFIER
control field 0100
005 - DATE AND TIME OF LATEST TRANSACTION
control field 20180301150932.0
008 - FIXED-LENGTH DATA ELEMENTS--GENERAL INFORMATION
fixed length control field 130307s9999 xx 000 0 und d
040 ## - CATALOGING SOURCE
Transcribing agency ARRUPELIB
050 ## - LIBRARY OF CONGRESS CALL NUMBER
Classification number DT861.S8 1952
300 ## - PHYSICAL DESCRIPTION
Other physical details 26cm.
100 ## - MAIN ENTRY--PERSONAL NAME
Personal name Stewart, James
9 (RLIN) 40057
245 #4 - TITLE STATEMENT
Title The Zambesi journal of James Stewart 1862-1863 /
260 ## - PUBLICATION, DISTRIBUTION, ETC. (IMPRINT)
Place of publication, distribution, etc London
Name of publisher, distributor, etc Chatto and Windus
Date of publication, distribution, etc 1952
300 ## - PHYSICAL DESCRIPTION
Extent 276p.
440 ## - SERIES STATEMENT/ADDED ENTRY--TITLE
Title The Oppenheimer series
9 (RLIN) 30282
650 ## - SUBJECT ADDED ENTRY--TOPICAL TERM
Topical term or geographic name as entry element Zambezi River
9 (RLIN) 40058
650 ## - SUBJECT ADDED ENTRY--TOPICAL TERM
Topical term or geographic name as entry element Nyasaland
General subdivision Discovery and exploration
9 (RLIN) 40059
700 ## - ADDED ENTRY--PERSONAL NAME
Personal name Wallis J. P. R. (ed.)
9 (RLIN) 30284
942 ## - ADDED ENTRY ELEMENTS (KOHA)
Source of classification or shelving scheme Library of Congress Classification
Koha item type Monograph ( Printed materials)
Holdings
Withdrawn status Lost status Source of classification or shelving scheme Damaged status Not for loan Collection code Home library Current library Shelving location Date acquired Total Checkouts Full call number Barcode Date last seen Copy number Price effective from Koha item type
    Library of Congress Classification     Main Collection ARRUPE LIBRARY ARRUPE LIBRARY Main Collection 07/03/2013   DT861.S8 1952 46600000577 07/12/2017 1 07/03/2013 Monograph ( Printed materials)
    Library of Congress Classification     SPECIAL Collection ARRUPE LIBRARY ARRUPE LIBRARY Main Collection 26/03/2014   SPC DT861.S8 1952 46500001864 05/07/2018   26/03/2014 REFERENCE

 

Arrupe Library. PO Box MP320 Mt Pleasant, Harare, Zimbabwe
263 242 745411|librarian@aju.ac.zw